[Event "CZE-chT2B 2223"]
[Site "Czech Republic"]
[Date "2023.01.22"]
[Round "7.2"]
[White "Soukup, Jiri"]
[Black "Toman, Ondrej"]
[Result "1/2-1/2"]
[WhiteElo "2356"]
[BlackElo "2299"]
[PlyCount "137"]
[EventDate "2022.10.16"]
[EventType "team-tourn"]
[EventRounds "11"]
[EventCountry "CZE"]
[SourceTitle "EXT 2024"]
[Source "ChessBase"]
[SourceDate "2023.10.10"]
[SourceVersion "1"]
[SourceVersionDate "2023.10.10"]
[SourceQuality "1"]
[WhiteTeam "Karlovy Vary Tietz"]
[BlackTeam "Udlice"]
[WhiteTeamCountry "CZE"]
[BlackTeamCountry "CZE"]

1. Nf3 d5 2. g3 Bf5 3. Bg2 e6 4. 0-0 Nf6 5. b3 Be7 6. Bb2 h6 7. c4 c6 8. d3 0-0 9. Nbd2 a5 10. Nd4 Bh7 11. cxd5 exd5 12. Bh3 a4 13. bxa4 Qa5 14. Nf5 Bxf5 15. Bxf5 Qxa4 16. Nb3 Nbd7 17. e4 Ba3 18. Bxf6 Nxf6 19. e5 Nh7 20. f4 c5 21. e6 Qc6 22. Qg4 fxe6 23. Bxe6+ Kh8 24. Bd7 Qa6 25. Bf5 c4 26. dxc4 dxc4 27. Nd2 Qa5 28. Bxh7 Qxd2 29. Bg6 Bc5+ 30. Kh1 Rxa2 31. Rxa2 Qxa2 32. Bb1 Qa6 33. Qf3 b5 34. Rd1 Qe6 35. Qh5 Bd4 36. Kg2 Rd8 37. Bf5 Qc6+ 38. Kh3 Qf6 39. Re1 Rf8 40. g4 Bc5 41. Re5 Qd6 42. Qg6 Qxg6 43. Bxg6 Bd6 44. Rxb5 Rxf4 45. Rd5 Rf6 46. Bc2 Rf2 47. Rxd6 Rxc2 48. Rc6 Kg8 49. Rc7 c3 50. Kg3 Rc1 51. h4 c2 52. Kg2 Kf8 53. h5 Ke8 54. Kh2 Kd8 55. Rc3 Kd7 56. Rc4 Kd6 57. Rc8 Ke5 58. Rc7 Kd5 59. Kg2 Kd6 60. Rc8 Ke5 61. Rc7 Kf4 62. Rf7+ Kxg4 63. Rxg7+ Kxh5 64. Rc7 Kg5 65. Rc8 Kf4 66. Rf8+ Ke5 67. Re8+ Kd6 68. Rc8 h5 69. Kh2 1/2-1/2

[Event "Oberliga NRW 2122"]
[Site "Germany"]
[Date "2022.05.08"]
[Round "9.2"]
[White "Hoffmann, Michael"]
[Black "Soukup, Jiri"]
[Result "1-0"]
[WhiteElo "2430"]
[BlackElo "2375"]
[PlyCount "123"]
[EventDate "2021.10.31"]
[EventType "team-tourn"]
[EventRounds "9"]
[EventCountry "GER"]
[SourceTitle "EXT 2023"]
[Source "ChessBase"]
[SourceDate "2022.10.05"]
[SourceVersion "1"]
[SourceVersionDate "2022.10.05"]
[SourceQuality "1"]
[WhiteTeam "Siegburg"]
[BlackTeam "Letmathe"]
[WhiteTeamCountry "GER"]
[BlackTeamCountry "GER"]

1. c4 e5 2. Nc3 Nf6 3. Nf3 Nc6 4. e3 d5 5. cxd5 Nxd5 6. Bb5 Nxc3 7. bxc3 Bd6 8. d4 exd4 9. cxd4 0-0 10. 0-0 Bg4 11. h3 Bh5 12. Bb2 Qe7 13. Be2 Bg6 14. Nd2 Qh4 15. Rc1 Rfd8 16. Nc4 Be7 17. Bf3 Be4 18. Nd2 Bxf3 19. Qxf3 Qf6 20. Qxf6 Bxf6 21. Ba3 Rac8 22. Rb1 b6 23. Rfc1 Ne7 24. Ne4 Nd5 25. Nxf6+ Nxf6 26. Be7 Rd5 27. Bxf6 gxf6 28. Rc6 Kg7 29. Rbc1 Ra5 30. R1c2 Ra3 31. Kf1 b5 32. Ke2 b4 33. Kd2 a5 34. R6c4 Kg6 35. Kc1 b3 36. axb3 Rxb3 37. Rxc7 Rcb8 38. Ra7 R8b5 39. Kd2 Rb2 40. Rxb2 Rxb2+ 41. Ke1 Ra2 42. g4 a4 43. Kf1 h6 44. Kg2 a3 45. Kf3 Kg7 46. h4 Kf8 47. h5 Kg7 48. Ra8 Ra1 49. Kf4 Ra2 50. Ke4 Ra1 51. Kd5 a2 52. Kd6 f5 53. gxf5 Kf6 54. Ra5 Kg5 55. Ke7 f6 56. f4+ Kxh5 57. Kxf6 Kg4 58. Kg6 Kf3 59. Kh7 Kxe3 60. f6 Rf1 61. Rxa2 Rxf4 62. Kg7 1-0

[Event "CZE-chT2B 2122"]
[Site "Czech Republic"]
[Date "2022.01.30"]
[Round "7.2"]
[White "Muron, Miroslav"]
[Black "Soukup, Jiri"]
[Result "1/2-1/2"]
[WhiteElo "2157"]
[BlackElo "2394"]
[PlyCount "28"]
[EventDate "2021.10.17"]
[EventType "team-tourn"]
[EventRounds "11"]
[EventCountry "CZE"]
[SourceTitle "EXT 2025"]
[Source "ChessBase"]
[SourceDate "2024.10.14"]
[SourceVersion "1"]
[SourceVersionDate "2024.10.14"]
[SourceQuality "1"]
[WhiteTeam "Praha Dukla"]
[BlackTeam "Karlovy Vary Tietz"]
[WhiteTeamCountry "CZE"]
[BlackTeamCountry "CZE"]

1. e4 c5 2. Nc3 Nc6 3. g3 h5 4. d3 d6 5. Bh3 Nf6 6. f4 g6 7. Bxc8 Qxc8 8. Nf3 h4 9. Nxh4 Qh3 10. Ne2 Rxh4 11. gxh4 Ng4 12. c3 Bh6 13. Ng3 Nxh2 14. Kf2 Ng4+ 1/2-1/2

[Event "CZE-chT2B 2122"]
[Site "Czech Republic"]
[Date "2022.01.16"]
[Round "6.2"]
[White "Soukup, Jiri"]
[Black "Hadraba, Vladimir"]
[Result "1/2-1/2"]
[WhiteElo "2394"]
[BlackElo "2100"]
[PlyCount "101"]
[EventDate "2021.10.17"]
[EventType "team-tourn"]
[EventRounds "11"]
[EventCountry "CZE"]
[SourceTitle "EXT 2025"]
[Source "ChessBase"]
[SourceDate "2024.10.14"]
[SourceVersion "1"]
[SourceVersionDate "2024.10.14"]
[SourceQuality "1"]
[WhiteTeam "Karlovy Vary Tietz"]
[BlackTeam "Teplice"]
[WhiteTeamCountry "CZE"]
[BlackTeamCountry "CZE"]

1. e4 c5 2. Nf3 e6 3. d4 cxd4 4. Nxd4 a6 5. g3 Qc7 6. Bg2 d6 7. 0-0 Nf6 8. Be3 Bd7 9. Nc3 Be7 10. g4 h6 11. f4 Nc6 12. Nb3 h5 13. g5 Ng4 14. Qe2 Nxe3 15. Qxe3 g6 16. Rad1 0-0 17. Kh1 b5 18. Rd2 b4 19. Ne2 Rac8 20. Ng3 f6 21. gxf6 Rxf6 22. Qd3 Nb8 23. Rg1 Bb5 24. Qe3 Bf8 25. Nd4 Bh6 26. Rf2 Kh8 27. Nxb5 axb5 28. Qd4 Rcf8 29. Qxb4 Bxf4 30. Qxb5 Nc6 31. Ne2 Be5 32. Rxf6 Rxf6 33. c3 Kg7 34. Qd3 Qb6 35. b4 Qf2 36. b5 Nd8 37. a4 Nb7 38. Rf1 Qh4 39. Qh3 Rxf1+ 40. Bxf1 Qxe4+ 41. Qg2 Qxg2+ 42. Bxg2 Na5 43. Nd4 Kf6 44. b6 d5 45. h4 Nc4 46. Nc6 Nxb6 47. a5 Nc8 48. Nxe5 Kxe5 49. Bf1 Kd6 50. Bb5 Kc5 51. Bd7 1/2-1/2

[Event "CZE-chT2B 2122"]
[Site "Czech Republic"]
[Date "2021.12.05"]
[Round "4.3"]
[White "Postl, Petr"]
[Black "Soukup, Jiri"]
[Result "0-1"]
[WhiteElo "1922"]
[BlackElo "2394"]
[PlyCount "52"]
[EventDate "2021.10.17"]
[EventType "team-tourn"]
[EventRounds "11"]
[EventCountry "CZE"]
[SourceTitle "EXT 2025"]
[Source "ChessBase"]
[SourceDate "2024.10.14"]
[SourceVersion "1"]
[SourceVersionDate "2024.10.14"]
[SourceQuality "1"]
[WhiteTeam "Karlovy Vary Tietz II"]
[BlackTeam "Karlovy Vary Tietz"]
[WhiteTeamCountry "CZE"]
[BlackTeamCountry "CZE"]

1. e4 e5 2. f4 exf4 3. Bc4 Qh4+ 4. Kf1 d6 5. Nf3 Qh6 6. d4 Be6 7. Qd3 Be7 8. Bxe6 fxe6 9. Qb5+ Nd7 10. Qxb7 Rd8 11. e5 dxe5 12. dxe5 g5 13. g4 Qh3+ 14. Ke1 Qg2 15. Rg1 Qxc2 16. Bd2 Nc5 17. Qc6+ Kf7 18. Nc3 Rxd2 19. Nxd2 Qxb2 20. Ke2 Qxc3 21. Rge1 h5 22. Rac1 Qd3+ 23. Kd1 hxg4 24. Rxc5 Rxh2 25. Rc2 Bb4 26. Qd7+ Qxd7 0-1

[Event "CZE-chT2B 2122"]
[Site "Czech Republic"]
[Date "2021.11.07"]
[Round "2.3"]
[White "Klement, Lukas"]
[Black "Soukup, Jiri"]
[Result "1-0"]
[WhiteElo "2248"]
[BlackElo "2394"]
[PlyCount "91"]
[EventDate "2021.10.17"]
[EventType "team-tourn"]
[EventRounds "11"]
[EventCountry "CZE"]
[SourceTitle "EXT 2025"]
[Source "ChessBase"]
[SourceDate "2024.10.14"]
[SourceVersion "1"]
[SourceVersionDate "2024.10.14"]
[SourceQuality "1"]
[WhiteTeam "Podborany"]
[BlackTeam "Karlovy Vary Tietz"]
[WhiteTeamCountry "CZE"]
[BlackTeamCountry "CZE"]

1. e4 c5 2. Nf3 Nc6 3. Bb5 Nd4 4. Nxd4 cxd4 5. 0-0 Qb6 6. Bc4 e6 7. d3 Ne7 8. Re1 Ng6 9. f4 Be7 10. Kh1 0-0 11. c3 f5 12. e5 Bc5 13. a4 a5 14. Na3 Qd8 15. cxd4 Bxd4 16. Nb5 Bf2 17. Rf1 Bc5 18. d4 Bb6 19. b3 d5 20. exd6 Bd7 21. Bb2 Re8 22. d5 e5 23. Nc7 Nxf4 24. Nxa8 Qxa8 25. Qd2 Ng6 26. Qd3 f4 27. Qe4 Bc5 28. Bb5 Bxb5 29. axb5 Bxd6 30. Bc3 b6 31. Ra4 Ne7 32. Rd1 Qc8 33. Rc4 Qg4 34. Qf3 Qg6 35. Re1 Nf5 36. Rc6 e4 37. Qh3 Ne3 38. Bd4 Nf5 39. Bxb6 Qf7 40. Bc5 Qxd5 41. Bxd6 Nxd6 42. Qd7 Qd2 43. Rg1 Qe2 44. Rxd6 Rf8 45. Qe6+ Kh8 46. Qe7 1-0

[Event "CZE-chT2B 2122"]
[Site "Czech Republic"]
[Date "2021.10.17"]
[Round "1.2"]
[White "Babicka, Michal"]
[Black "Soukup, Jiri"]
[Result "0-1"]
[WhiteElo "1979"]
[BlackElo "2394"]
[PlyCount "72"]
[EventDate "2021.10.17"]
[EventType "team-tourn"]
[EventRounds "11"]
[EventCountry "CZE"]
[SourceTitle "EXT 2025"]
[Source "ChessBase"]
[SourceDate "2024.10.14"]
[SourceVersion "1"]
[SourceVersionDate "2024.10.14"]
[SourceQuality "1"]
[WhiteTeam "Decin"]
[BlackTeam "Karlovy Vary Tietz"]
[WhiteTeamCountry "CZE"]
[BlackTeamCountry "CZE"]

1. e4 c5 2. Nf3 d6 3. d4 cxd4 4. Nxd4 Nf6 5. Nc3 a6 6. Bg5 e6 7. f4 Be7 8. Qf3 Qc7 9. 0-0-0 0-0 10. g4 Nc6 11. Bg2 Bd7 12. h4 Rac8 13. h5 b5 14. h6 g6 15. e5 Nxd4 16. Rxd4 dxe5 17. fxe5 Bc6 18. Qe2 Bxg2 19. Qxg2 Qxe5 20. Bxf6 Bxf6 21. Rd3 b4 22. Nd1 Rc7 23. Kb1 Rfc8 24. Rh2 Bg5 25. Qg1 Qf4 26. Ne3 Qe4 27. Qd1 a5 28. Re2 Qf4 29. Rd4 Qf6 30. Ng2 Bxh6 31. Rd3 Bg7 32. Qc1 a4 33. g5 Qf5 34. Rg3 a3 35. bxa3 bxa3 36. Rxa3 Qb5+ 0-1

[Event "Oberliga NRW 1920"]
[Site "Germany"]
[Date "2019.09.15"]
[Round "1.3"]
[White "Soukup, Jiri"]
[Black "Wolter, Kai"]
[Result "1-0"]
[WhiteElo "2351"]
[BlackElo "2292"]
[PlyCount "87"]
[EventDate "2019.09.15"]
[EventType "team-tourn"]
[EventRounds "9"]
[EventCountry "GER"]
[SourceTitle "CBM 195 Extra"]
[Source "ChessBase"]
[SourceDate "2020.05.31"]
[SourceVersion "1"]
[SourceVersionDate "2020.05.31"]
[SourceQuality "1"]
[WhiteTeam "Letmathe"]
[BlackTeam "Muenster"]
[WhiteTeamCountry "GER"]
[BlackTeamCountry "GER"]

1. d4 Nf6 2. c4 g6 3. Nc3 Bg7 4. e4 d6 5. Nf3 0-0 6. Be2 e5 7. dxe5 dxe5 8. 0-0 Nbd7 9. Qc2 c6 10. Rd1 Qc7 11. b3 Re8 12. h3 a5 13. Be3 Nh5 14. c5 Nf4 15. Bf1 Nf8 16. Na4 h6 17. Nb6 Rb8 18. Rd6 Be6 19. Rad1 Qe7 20. Qd2 g5 21. Nh2 h5 22. Qxa5 g4 23. Qd2 gxh3 24. g3 N4g6 25. Qe2 h4 26. Qh5 Nh7 27. Ng4 Nf6 28. Nxf6+ Bxf6 29. Rxe6 Qxe6 30. Bc4 h2+ 31. Kxh2 hxg3+ 32. fxg3 Bg7 33. Bxe6 Rxe6 34. Bg5 Nf8 35. a4 Nh7 36. Rd6 Rbe8 37. Bh4 Bf8 38. Rxe6 Rxe6 39. Nd7 Bg7 40. Qf5 Re8 41. b4 Re6 42. b5 Nf8 43. Nxf8 Bxf8 44. Bf6 1-0

[Event "CZE-chT2B 1819"]
[Site "Czech Republic"]
[Date "2019.03.31"]
[Round "11.1"]
[White "Soukup, Jiri"]
[Black "Plischki, Sebastian"]
[Result "0-1"]
[WhiteElo "2366"]
[BlackElo "2419"]
[PlyCount "80"]
[EventDate "2018.10.14"]
[EventType "team-tourn"]
[EventRounds "11"]
[EventCountry "CZE"]
[SourceTitle "EXT 2022"]
[Source "ChessBase"]
[SourceDate "2021.10.06"]
[SourceVersion "1"]
[SourceVersionDate "2021.10.06"]
[SourceQuality "1"]
[WhiteTeam "Karlovy Vary Tietz"]
[BlackTeam "Praha Dopravni podnik II"]
[WhiteTeamCountry "CZE"]
[BlackTeamCountry "CZE"]

1. c4 Nf6 2. d4 g6 3. Nc3 Bg7 4. e4 d6 5. Bf4 0-0 6. Nf3 Bg4 7. Be2 Nfd7 8. Be3 Nc6 9. Qd2 e5 10. d5 Bxf3 11. Bxf3 Nd4 12. Bd1 c5 13. h4 f5 14. exf5 gxf5 15. Bg5 Qe8 16. h5 a6 17. Rh3 Kh8 18. Kf1 b5 19. cxb5 axb5 20. Ne2 Qf7 21. Nxd4 cxd4 22. Qb4 Nc5 23. h6 Bf6 24. Bxf6+ Qxf6 25. Qxb5 Rab8 26. Qe2 d3 27. Qd2 e4 28. Rb1 f4 29. Kg1 Rbe8 30. Bh5 Re7 31. Re1 Na4 32. Bg4 Nxb2 33. Be6 Nc4 34. Qd1 Qd4 35. Qg4 d2 36. Rd1 Nb2 37. Rb3 Nxd1 38. Qxd1 e3 39. Rd3 Qe5 40. Qe2 Rb7 0-1

[Event "CZE-chT2B 1819"]
[Site "Czech Republic"]
[Date "2019.01.27"]
[Round "7.1"]
[White "Soukup, Jiri"]
[Black "Cap, Adam"]
[Result "1-0"]
[WhiteElo "2366"]
[BlackElo "2248"]
[PlyCount "57"]
[EventDate "2018.10.14"]
[EventType "team-tourn"]
[EventRounds "11"]
[EventCountry "CZE"]
[SourceTitle "EXT 2022"]
[Source "ChessBase"]
[SourceDate "2021.10.06"]
[SourceVersion "1"]
[SourceVersionDate "2021.10.06"]
[SourceQuality "1"]
[WhiteTeam "Karlovy Vary Tietz"]
[BlackTeam "Kladno"]
[WhiteTeamCountry "CZE"]
[BlackTeamCountry "CZE"]

1. f4 e5 2. fxe5 d6 3. exd6 Bxd6 4. Nf3 g5 5. d4 g4 6. Ng5 f5 7. d5 h6 8. Qd4 Nf6 9. Qe3+ Qe7 10. Qxe7+ Kxe7 11. Ne6 Nxd5 12. Nd4 f4 13. e4 fxe3 14. Bc4 Nb6 15. Bd3 Be5 16. c3 Bxd4 17. cxd4 Nc6 18. Bxe3 Be6 19. Nc3 Nb4 20. Be4 N4d5 21. Bd2 c6 22. 0-0 Kd7 23. Rae1 Rae8 24. Bg6 Re7 25. Ne4 Nc4 26. Nc5+ Kd6 27. Bf4+ Nxf4 28. Rxf4 b6 29. Nxe6 1-0

[Event "CZE-chT2B 1819"]
[Site "Czech Republic"]
[Date "2018.12.16"]
[Round "5.1"]
[White "Soukup, Jiri"]
[Black "Burdalev, Kirill"]
[Result "1-0"]
[WhiteElo "2366"]
[BlackElo "2356"]
[PlyCount "107"]
[EventDate "2018.10.14"]
[EventType "team-tourn"]
[EventRounds "11"]
[EventCountry "CZE"]
[SourceTitle "EXT 2022"]
[Source "ChessBase"]
[SourceDate "2021.10.06"]
[SourceVersion "1"]
[SourceVersionDate "2021.10.06"]
[SourceQuality "1"]
[WhiteTeam "Karlovy Vary Tietz"]
[BlackTeam "Podborany"]
[WhiteTeamCountry "CZE"]
[BlackTeamCountry "CZE"]

1. e4 e6 2. Qe2 Nf6 3. f4 d5 4. e5 Nfd7 5. Nf3 c5 6. g3 Nc6 7. Bg2 f5 8. c3 c4 9. b4 cxb3 10. d4 bxa2 11. Rxa2 Nb6 12. Ba3 Nc4 13. Bxf8 Kxf8 14. Na3 Nxa3 15. Rxa3 Bd7 16. 0-0 Qe7 17. Rfa1 Be8 18. c4 Bh5 19. Qd3 g6 20. Ng5 Rd8 21. Nxe6+ Qxe6 22. cxd5 Rxd5 23. Qb3 Ne7 24. Bxd5 Qxd5 25. Qxd5 Nxd5 26. Rxa7 Kg7 27. Rxb7+ Kh6 28. Raa7 Bf3 29. h3 Be4 30. Kf2 Nc3 31. Rb3 Nd5 32. Rbb7 Nc3 33. Rg7 Nd5 34. Rgf7 Bd3 35. e6 Be4 36. e7 Re8 37. g4 Nxf4 38. Rf8 Bc6 39. gxf5 gxf5 40. Rf6+ Kg5 41. Rxc6 Nxh3+ 42. Kg3 Nf4 43. Rd6 Ng6 44. Re6 f4+ 45. Kf2 Kf5 46. d5 Ne5 47. Rxe5+ Kxe5 48. Rd7 h5 49. d6 Ke6 50. Rd8 Kf7 51. Kf3 h4 52. Kxf4 h3 53. Kg3 h2 54. Kxh2 1-0

[Event "CZE-chT2A 1718"]
[Site "Czech Republic"]
[Date "2018.03.18"]
[Round "10.1"]
[White "Smid, Miroslav"]
[Black "Soukup, Jiri"]
[Result "1/2-1/2"]
[WhiteElo "2254"]
[BlackElo "2370"]
[PlyCount "117"]
[EventDate "2017.10.15"]
[EventType "team-tourn"]
[EventRounds "11"]
[EventCountry "CZE"]
[SourceTitle "EXT 2022"]
[Source "ChessBase"]
[SourceDate "2021.10.06"]
[SourceVersion "1"]
[SourceVersionDate "2021.10.06"]
[SourceQuality "1"]
[WhiteTeam "Praha Bohemians II"]
[BlackTeam "Karlovy Vary Tietz"]
[WhiteTeamCountry "CZE"]
[BlackTeamCountry "CZE"]

1. c4 Nf6 2. g3 g6 3. Bg2 Bg7 4. Nc3 d6 5. e4 e5 6. Nge2 Nc6 7. d3 Be6 8. Nd5 Qd7 9. Bg5 Ng8 10. Qd2 h6 11. Be3 Nce7 12. 0-0 c6 13. Nxe7 Nxe7 14. Rac1 h5 15. d4 h4 16. dxe5 Bxe5 17. f4 Bg7 18. Bd4 f6 19. Qc3 hxg3 20. Nxg3 Kf7 21. f5 gxf5 22. exf5 Nxf5 23. Nxf5 Bxf5 24. Qf3 Bg4 25. Qf4 Rh6 26. Qxh6 Bxh6 27. Rxf6+ Ke7 28. Rxh6 Qf5 29. Re1+ Kd7 30. Be4 Qg5 31. Rh7+ Kc8 32. Rg7 Qh4 33. Bf2 Qh8 34. Rxg4 Kc7 35. Bg2 Rd8 36. Bd4 Qh5 37. Rg7+ Rd7 38. Rxd7+ Kxd7 39. h3 a5 40. a3 a4 41. Kh2 Qf7 42. Bc3 Qf4+ 43. Kh1 Qxc4 44. Re4 Qd3 45. Kh2 c5 46. Rxa4 d5 47. Rg4 Qe2 48. b4 d4 49. Bxd4 cxd4 50. Rxd4+ Kc7 51. Re4 Qb5 52. h4 Qf5 53. a4 b6 54. Rc4+ Kd6 55. Rd4+ Kc7 56. Re4 Kd6 57. a5 bxa5 58. bxa5 Qxa5 59. Rd4+ 1/2-1/2

[Event "NRW Class2 1718"]
[Site "Germany"]
[Date "2018.02.18"]
[Round "6.5"]
[White "Soukup, Jiri"]
[Black "Tisevich, Roman"]
[Result "1-0"]
[WhiteElo "2355"]
[BlackElo "2335"]
[PlyCount "81"]
[EventDate "2017.09.17"]
[EventType "team-tourn"]
[EventRounds "9"]
[EventCountry "GER"]
[SourceTitle "EXT 2019"]
[Source "ChessBase"]
[SourceDate "2018.10.10"]
[SourceVersion "1"]
[SourceVersionDate "2018.10.10"]
[SourceQuality "1"]
[WhiteTeam "Letmathe"]
[BlackTeam "Siegburg"]
[WhiteTeamCountry "GER"]
[BlackTeamCountry "GER"]

1. Nf3 Nf6 2. b3 g6 3. Bb2 Bg7 4. c4 0-0 5. e3 a5 6. Be2 d6 7. 0-0 Na6 8. d4 c6 9. Nbd2 Bf5 10. Nh4 Bd7 11. g4 e5 12. Ng2 exd4 13. Bxd4 h6 14. Rc1 Re8 15. a3 Nc5 16. Ba1 Qe7 17. h3 Rad8 18. b4 axb4 19. axb4 Ne6 20. f4 d5 21. c5 Bc8 22. Qb3 g5 23. Rce1 Nf8 24. Bd3 N8h7 25. Be5 Nd7 26. Bd6 Qf6 27. fxg5 Qc3 28. gxh6 Qxb3 29. Nxb3 Bc3 30. Bxh7+ Kxh7 31. Rxf7+ Kg6 32. Ref1 Bf6 33. R7xf6+ Nxf6 34. Nh4+ Kxh6 35. Rxf6+ Kg5 36. Rg6+ Kxh4 37. Kg2 Rxe3 38. Nd4 Rde8 39. Nf3+ Rxf3 40. Kxf3 Re6 41. Rg8 1-0

[Event "NRW Class2 1718"]
[Site "Germany"]
[Date "2017.12.17"]
[Round "4.4"]
[White "Kruse, Janik"]
[Black "Soukup, Jiri"]
[Result "0-1"]
[WhiteElo "2095"]
[BlackElo "2355"]
[PlyCount "70"]
[EventDate "2017.09.17"]
[EventType "team-tourn"]
[EventRounds "9"]
[EventCountry "GER"]
[SourceTitle "EXT 2019"]
[Source "ChessBase"]
[SourceDate "2018.10.10"]
[SourceVersion "1"]
[SourceVersionDate "2018.10.10"]
[SourceQuality "1"]
[WhiteTeam "Lippstadt Turm"]
[BlackTeam "Letmathe"]
[WhiteTeamCountry "GER"]
[BlackTeamCountry "GER"]

1. d4 Nf6 2. c4 e6 3. Nc3 Bb4 4. e3 0-0 5. Nge2 Re8 6. a3 Bf8 7. g3 d5 8. Bg2 c6 9. b3 b6 10. a4 Ba6 11. cxd5 Bb4 12. Bd2 exd5 13. 0-0 Qe7 14. Qc2 Nbd7 15. Rfc1 Rac8 16. Nf4 g5 17. Nd3 Bd6 18. a5 Bb7 19. a6 Ba8 20. b4 Ne4 21. Be1 Ndf6 22. Na4 g4 23. b5 Qd7 24. Qb2 cxb5 25. Nc3 Nxc3 26. Bxc3 Ne4 27. Bb4 Bb8 28. Qe2 Rc4 29. Bf1 Ng5 30. Qb2 Qf5 31. Ne1 Nh3+ 32. Bxh3 gxh3 33. Ba3 Bc6 34. Qe2 Bd7 35. Qf3 Qg5 0-1

[Event "CZE-chT2A 1718"]
[Site "Czech Republic"]
[Date "2017.12.03"]
[Round "4.1"]
[White "Soukup, Jiri"]
[Black "Vichnar, David"]
[Result "0-1"]
[WhiteElo "2370"]
[BlackElo "2434"]
[PlyCount "46"]
[EventDate "2017.10.15"]
[EventType "team-tourn"]
[EventRounds "11"]
[EventCountry "CZE"]
[SourceTitle "EXT 2022"]
[Source "ChessBase"]
[SourceDate "2021.10.06"]
[SourceVersion "1"]
[SourceVersionDate "2021.10.06"]
[SourceQuality "1"]
[WhiteTeam "Karlovy Vary Tietz"]
[BlackTeam "Vysehrad II"]
[WhiteTeamCountry "CZE"]
[BlackTeamCountry "CZE"]

1. e4 c5 2. Nf3 e6 3. b3 b6 4. Bb2 Bb7 5. Nc3 d6 6. d4 cxd4 7. Qxd4 Nf6 8. Bb5+ Nc6 9. Qa4 Qd7 10. Nd4 Rc8 11. Rd1 e5 12. Nf5 a6 13. Ba3 axb5 14. Nxb5 Ra8 15. Qc4 Rxa3 16. Nfxd6+ Bxd6 17. Rxd6 Qg4 18. 0-0 Rxa2 19. f3 Qg5 20. Rxc6 0-0 21. Rc7 Ba6 22. Rd1 Ne8 23. Rc6 Ra5 0-1

[Event "NRW Class2 1718"]
[Site "Germany"]
[Date "2017.11.19"]
[Round "3.5"]
[White "Soukup, Jiri"]
[Black "Osswald, Luis Monty"]
[Result "1-0"]
[WhiteElo "2355"]
[BlackElo "2094"]
[PlyCount "65"]
[EventDate "2017.09.17"]
[EventType "team-tourn"]
[EventRounds "9"]
[EventCountry "GER"]
[SourceTitle "EXT 2019"]
[Source "ChessBase"]
[SourceDate "2018.10.10"]
[SourceVersion "1"]
[SourceVersionDate "2018.10.10"]
[SourceQuality "1"]
[WhiteTeam "Letmathe"]
[BlackTeam "Ennepe Ruhr Sued"]
[WhiteTeamCountry "GER"]
[BlackTeamCountry "GER"]

1. e4 c5 2. Nf3 Nc6 3. b3 Nf6 4. e5 Nd5 5. Bb2 Nf4 6. g3 Ne6 7. c3 d5 8. d4 cxd4 9. cxd4 g5 10. Bg2 g4 11. Nh4 Ng5 12. 0-0 Be6 13. Nc3 Qd7 14. a4 a5 15. Ne2 Nh3+ 16. Kh1 Bh6 17. Bc1 Bg7 18. Be3 f6 19. exf6 Bxf6 20. Qd2 Bxh4 21. gxh4 Bf5 22. Nc3 Nb4 23. f3 Rg8 24. fxg4 Bxg4 25. Rac1 Ra6 26. Bf4 Rc6 27. Bg3 Bf5 28. Rce1 Rcg6 29. Re5 Bg4 30. Nxd5 Nxd5 31. Rxd5 Rd6 32. Bxd6 Be6 33. Rxa5 1-0